[Event "17. European Women's Championship 2016"]
[Site "Mamaia ROU"]
[Date "2016.05.28"]
[Round "2.19"]
[White "Zimina, Olga"]
[Black "Fataliyeva, Ulviyya"]
[Result "1-0"]
[WhiteElo "2361"]
[BlackElo "2301"]
[PlyCount "61"]
[EventDate "2016.05.27"]
[EventType "swiss"]
[EventRounds "11"]
[EventCountry "ROU"]
[Source "lmi"]
[SourceDate "2016.05.26"]

1. c4 e6 2. Nf3 Nf6 3. g3 d5 4. Bg2 dxc4 5. Qa4+ Bd7 6. Qxc4 c5 7. O-O Bc6 8.
b3 Nbd7 9. Bb2 Be7 10. Qc2 Rc8 11. d3 O-O 12. Nbd2 b5 13. Rac1 Nd5 14. Qb1 Bf6
15. Ne4 Bxb2 16. Qxb2 Qb6 17. a3 Ba8 18. Rc2 N7f6 19. Nxf6+ Nxf6 20. Rfc1 Rc7
21. Qe5 Rfc8 22. h3 Nd7 23. Qf4 Bxf3 24. Bxf3 Qa5 25. a4 bxa4 26. Qxa4 Qb6 27.
d4 cxd4 28. Qxd7 Rxd7 29. Rxc8+ Rd8 30. Rxd8+ Qxd8 31. Bb7 1-0

[Event "17. European Women's Championship 2016"]
[Site "Mamaia ROU"]
[Date "2016.05.28"]
[Round "2.21"]
[White "Khukhashvili, Sopiko"]
[Black "Movileanu, Daniela"]
[Result "1-0"]
[WhiteElo "2355"]
[BlackElo "2247"]
[PlyCount "71"]
[EventDate "2016.05.27"]
[EventType "swiss"]
[EventRounds "11"]
[EventCountry "ROU"]
[Source "lmi"]
[SourceDate "2016.05.26"]

1. e4 c5 2. Nf3 d6 3. c3 Nf6 4. h3 g6 5. Bd3 Bg7 6. Bc2 O-O 7. O-O Nc6 8. a3 b5
9. Re1 Qc7 10. d4 e5 11. d5 Ne7 12. a4 b4 13. cxb4 cxb4 14. Bd3 Nd7 15. Bg5 Nc5
16. Bc2 f5 17. Nbd2 Ba6 18. Rc1 Qd7 19. Be3 b3 20. Nxb3 Nxa4 21. Rb1 Rab8 22.
Bc1 Nb6 23. Na5 Rbc8 24. Bg5 Bf6 25. Ra1 Bb5 26. Bxf6 Rxf6 27. Ng5 Qc7 28. Bb3
fxe4 29. Nxe4 Rf5 30. Qd2 Kh8 31. Qb4 Bd3 32. Qxd6 Bxe4 33. Qxc7 Rxc7 34. d6
Rc8 35. dxe7 Bd5 36. Rad1 1-0

[Event "17. European Women's Championship 2016"]
[Site "Mamaia ROU"]
[Date "2016.05.28"]
[Round "2.22"]
[White "Dragomirescu, Angela"]
[Black "Gara, Ticia"]
[Result "0-1"]
[WhiteElo "2215"]
[BlackElo "2352"]
[PlyCount "86"]
[EventDate "2016.05.27"]
[EventType "swiss"]
[EventRounds "11"]
[EventCountry "ROU"]
[Source "lmi"]
[SourceDate "2016.05.26"]

1. d4 Nf6 2. Bg5 d5 3. Bxf6 gxf6 4. g3 c5 5. dxc5 e6 6. e3 Bxc5 7. c3 Nd7 8.
Nd2 Ne5 9. Ngf3 Qb6 10. Nxe5 fxe5 11. Qb3 Bd7 12. Qxb6 Bxb6 13. Nf3 f6 14. Be2
Ke7 15. O-O Bc5 16. c4 d4 17. exd4 exd4 18. b4 Bxb4 19. Nxd4 Bc3 20. Rad1 Ba4
21. Rd3 Bxd4 22. Rxd4 Rad8 23. Rxd8 Rxd8 24. Bf3 b6 25. Re1 Rd4 26. Be4 h6 27.
f3 Rd2 28. c5 bxc5 29. Rb1 f5 30. Ba8 Rxa2 31. Rb7+ Kd6 32. Rxa7 Bb3 33. Rxa2
Bxa2 34. Bb7 Bd5 35. Ba6 Bxf3 36. Kf2 Bd5 37. Ke3 c4 38. Kd4 e5+ 39. Kc3 Kc5
40. Bc8 f4 41. gxf4 exf4 42. Bh3 f3 43. Bf1 Be6 0-1

[Event "17. European Women's Championship 2016"]
[Site "Mamaia ROU"]
[Date "2016.05.28"]
[Round "2.23"]
[White "Gara, Anita"]
[Black "Mamedjarova, Zeinab"]
[Result "0-1"]
[WhiteElo "2345"]
[BlackElo "2236"]
[PlyCount "92"]
[EventDate "2016.05.27"]
[EventType "swiss"]
[EventRounds "11"]
[EventCountry "ROU"]
[Source "lmi"]
[SourceDate "2016.05.26"]

1. e4 e5 2. Nf3 Nf6 3. Nxe5 d6 4. Nf3 Nxe4 5. d4 d5 6. Bd3 Be7 7. O-O Nc6 8.
Nc3 Nf6 9. h3 O-O 10. a3 a6 11. Bf4 Bd6 12. Qd2 Bxf4 13. Qxf4 Qd6 14. Qxd6 cxd6
15. Rfe1 b5 16. Ne2 Bd7 17. Nf4 h6 18. c3 Rfe8 19. Rxe8+ Rxe8 20. a4 bxa4 21.
Rxa4 g5 22. Ne2 a5 23. Ra2 Ne4 24. Ne1 f5 25. f3 Nd2 26. Nc2 f4 27. b4 Nc4 28.
b5 Na7 29. b6 Nb5 30. b7 Rb8 31. Nb4 Nba3 32. Nxd5 Rxb7 33. Nf6+ Kg7 34. Nxd7
Rxd7 35. d5 Rb7 36. Nd4 Rb2 37. Rxb2 Nxb2 38. Be4 Kf6 39. Kf1 Nd1 40. Ne2 Nb5
41. c4 Nbc3 42. Bd3 Ne3+ 43. Kf2 Nxe2 44. Kxe2 Ke5 45. g3 Kd4 46. gxf4 gxf4 0-1

[Event "17. European Women's Championship 2016"]
[Site "Mamaia ROU"]
[Date "2016.05.28"]
[Round "2.25"]
[White "Rudolf, Anna"]
[Black "Pogonina, Natalija"]
[Result "0-1"]
[WhiteElo "2301"]
[BlackElo "2490"]
[PlyCount "107"]
[EventDate "2016.05.27"]
[EventType "swiss"]
[EventRounds "11"]
[EventCountry "ROU"]
[Source "lmi"]
[SourceDate "2016.05.26"]

1. d4 Nf6 2. c4 e6 3. Nf3 d5 4. Nc3 Nbd7 5. Bg5 h6 6. Bh4 Be7 7. e3 O-O 8. Rc1
c5 9. cxd5 Nxd5 10. Bxe7 Nxe7 11. Bb5 cxd4 12. Qxd4 a6 13. Be2 Nc6 14. Qc4 Nb6
15. Qc5 Nd7 16. Qa3 Nf6 17. O-O e5 18. Rfd1 Qc7 19. Nd5 Nxd5 20. Rxd5 Re8 21.
Qc3 Bg4 22. h3 Bh5 23. b4 Rad8 24. Rc5 Qe7 25. Bxa6 Bxf3 26. gxf3 Nd4 27. Bf1
Nxf3+ 28. Kh1 Rd2 29. Bg2 Rxf2 30. Rc2 Rxc2 31. Qxc2 Ne1 32. Qe4 Nxg2 33. Kxg2
b6 34. Rc6 Qg5+ 35. Kf2 f5 36. Qc4+ Kh7 37. Rxb6 Rd8 38. Qe2 e4 39. Re6 Rd3 40.
b5 h5 41. b6 f4 42. Rxe4 Qg3+ 43. Kf1 Qxh3+ 44. Kf2 Qg3+ 45. Kf1 f3 46. Qxd3
Qg2+ 47. Ke1 f2+ 48. Kd2 f1=Q+ 49. Kc3 Qxd3+ 50. Kxd3 Qb2 51. Re6 Qxa2 52. Re5
Qb3+ 53. Ke4 Kg6 54. Rd5 0-1

[Event "17. European Women's Championship 2016"]
[Site "Mamaia ROU"]
[Date "2016.05.28"]
[Round "2.26"]
[White "Mkrtchian, Lilit"]
[Black "Unuk, Laura"]
[Result "1-0"]
[WhiteElo "2434"]
[BlackElo "2246"]
[PlyCount "115"]
[EventDate "2016.05.27"]
[EventType "swiss"]
[EventRounds "11"]
[EventCountry "ROU"]
[Source "lmi"]
[SourceDate "2016.05.26"]

1. c4 e6 2. Nc3 Nf6 3. e4 d5 4. e5 d4 5. exf6 dxc3 6. bxc3 Qxf6 7. Nf3 c5 8.
Bd3 Bd6 9. Be4 O-O 10. d4 h6 11. O-O Nd7 12. Rb1 Rb8 13. Qa4 a6 14. Be3 e5 15.
Rfe1 Qd8 16. dxe5 Nxe5 17. Nxe5 Bxe5 18. Bxc5 Bxh2+ 19. Kxh2 Qc7+ 20. Kg1 Qxc5
21. Qb4 Qc7 22. Bd5 Be6 23. Qb6 Rfc8 24. Rxe6 fxe6 25. Bxe6+ Kh8 26. Bxc8 Rxc8
27. Qxb7 Qxc4 28. Rc1 Rc6 29. Qb3 Qf4 30. Rd1 Qc7 31. Re1 Kh7 32. Re8 Qd7 33.
Qc2+ g6 34. Qe2 Rc7 35. Re5 Qd6 36. Re6 Qa3 37. Qc2 Rg7 38. c4 Qc5 39. Rxa6 Qe5
40. Ra3 Qe1+ 41. Kh2 Qe5+ 42. g3 Rf7 43. Re3 Qc5 44. Kg1 h5 45. Re4 Rf3 46. Kg2
Ra3 47. Re6 Qg5 48. Qb2 Ra7 49. Re8 Rg7 50. Qb8 Rf7 51. Rh8+ Kg7 52. Qg8+ Kf6
53. Qd8+ Kf5 54. Qd4 Qg4 55. Qd5+ Kf6 56. Re8 Qf5 57. Qd4+ Kg5 58. Re5 1-0

[Event "17. European Women's Championship 2016"]
[Site "Mamaia ROU"]
[Date "2016.05.28"]
[Round "2.27"]
[White "Melia, Salome"]
[Black "Mamedjarova, Turkan"]
[Result "1-0"]
[WhiteElo "2409"]
[BlackElo "2257"]
[PlyCount "59"]
[EventDate "2016.05.27"]
[EventType "swiss"]
[EventRounds "11"]
[EventCountry "ROU"]
[Source "lmi"]
[SourceDate "2016.05.26"]

1. e4 e5 2. Nf3 Nc6 3. Bc4 Bc5 4. c3 Nf6 5. d3 d6 6. O-O O-O 7. Nbd2 a6 8. Bb3
Ba7 9. h3 Ne7 10. Re1 Ng6 11. Nf1 Nh5 12. d4 exd4 13. cxd4 Nhf4 14. Ng3 Be6 15.
Bc2 Re8 16. Be3 Qf6 17. Nh5 Nxh5 18. Bg5 Bxd4 19. Bxf6 Bxf6 20. Nd4 Bxd4 21.
Qxd4 Nhf4 22. Qe3 Bd7 23. h4 d5 24. Qf3 h5 25. exd5 Bg4 26. Qb3 Nxh4 27. Rxe8+
Rxe8 28. Qa4 Ne2+ 29. Kh2 Re5 30. f3 1-0

[Event "17. European Women's Championship 2016"]
[Site "Mamaia ROU"]
[Date "2016.05.28"]
[Round "2.28"]
[White "Utiatskaja, Irina"]
[Black "Charochkina, Daria"]
[Result "0-1"]
[WhiteElo "2181"]
[BlackElo "2362"]
[PlyCount "126"]
[EventDate "2016.05.27"]
[EventType "swiss"]
[EventRounds "11"]
[EventCountry "ROU"]
[Source "lmi"]
[SourceDate "2016.05.26"]

1. e4 c5 2. Nf3 e6 3. d4 cxd4 4. Nxd4 a6 5. Bd3 Qc7 6. O-O Nf6 7. c4 d6 8. Qe2
Nbd7 9. b3 g6 10. Bb2 Bg7 11. Nf3 O-O 12. Nc3 b6 13. Rad1 Bb7 14. Bb1 Ne5 15.
Nxe5 dxe5 16. f3 Nh5 17. g3 f5 18. Kg2 Nf6 19. Qe3 Rad8 20. Ba3 Rxd1 21. Rxd1
Rd8 22. Rxd8+ Qxd8 23. Qd3 Qd4 24. exf5 gxf5 25. Qxd4 exd4 26. Na4 Ng4 27. Bd6
Be5 28. Bxe5 Nxe5 29. Nxb6 Nxf3 30. Kf2 Nxh2 31. c5 Ng4+ 32. Ke2 h5 33. Nc4 Kf8
34. b4 Bd5 35. Bd3 f4 36. gxf4 h4 37. Nb6 Bg2 38. Nd7+ Ke7 39. Ne5 Nxe5 40.
fxe5 Bc6 41. Kf2 Bb5 42. Bc2 h3 43. Bd1 Kd7 44. a4 Bc4 45. Kg1 Kc6 46. Bf3+ Bd5
47. Be2 Bb3 48. Bf3+ Kc7 49. b5 axb5 50. a5 d3 51. a6 d2 52. a7 Bd5 53. c6 Bxf3
54. a8=Q d1=Q+ 55. Kf2 Qe2+ 56. Kg3 Qg2+ 57. Kf4 Qg4+ 58. Ke3 Qe4+ 59. Kf2 Qxc6
60. Qa7+ Kc8 61. Kg3 h2 62. Kxh2 Qc2+ 63. Kg3 Qg2+ 0-1

[Event "17. European Women's Championship 2016"]
[Site "Mamaia ROU"]
[Date "2016.05.28"]
[Round "2.29"]
[White "Galunova, Tsveta"]
[Black "Lazarne Vajda, Szidonia"]
[Result "1/2-1/2"]
[WhiteElo "2149"]
[BlackElo "2345"]
[PlyCount "73"]
[EventDate "2016.05.27"]
[EventType "swiss"]
[EventRounds "11"]
[EventCountry "ROU"]
[Source "lmi"]
[SourceDate "2016.05.26"]

1. e4 c5 2. c3 Nf6 3. e5 Nd5 4. Nf3 e6 5. d4 cxd4 6. cxd4 d6 7. Bc4 Nc6 8. O-O
Be7 9. Qe2 O-O 10. Nc3 Nxc3 11. bxc3 dxe5 12. dxe5 Qa5 13. Bd2 Rd8 14. Rfe1 Bd7
15. Qe4 Qa4 16. Ng5 Bxg5 17. Bxg5 Rdc8 18. Rab1 Na5 19. Rb4 Qc6 20. Qg4 Kh8 21.
Re4 Nxc4 22. Rbxc4 Qa6 23. Bf6 gxf6 24. Qh4 Rxc4 25. Rxc4 f5 26. Qf6+ Kg8 27.
Rh4 Qe2 28. h3 Bc6 29. Kh2 b6 30. Qg5+ Kf8 31. Qh6+ Ke8 32. Qf6 h5 33. Rd4 Qxf2
34. Qh8+ Ke7 35. Qf6+ Ke8 36. Qh8+ Ke7 37. Qf6+ 1/2-1/2

[Event "17. European Women's Championship 2016"]
[Site "Mamaia ROU"]
[Date "2016.05.28"]
[Round "2.30"]
[White "Osmak, Iulija"]
[Black "Makropoulou, Marina"]
[Result "1-0"]
[WhiteElo "2345"]
[BlackElo "2143"]
[PlyCount "47"]
[EventDate "2016.05.27"]
[EventType "swiss"]
[EventRounds "11"]
[EventCountry "ROU"]
[Source "lmi"]
[SourceDate "2016.05.26"]

1. e4 e5 2. Nf3 Nc6 3. Bb5 a6 4. Ba4 Nf6 5. O-O Be7 6. Re1 b5 7. Bb3 d6 8. a4
Bg4 9. c3 b4 10. a5 O-O 11. d3 Rb8 12. Nbd2 d5 13. h3 Bh5 14. Qc2 bxc3 15. bxc3
dxe4 16. dxe4 Bd6 17. Nh4 Bg6 18. Nxg6 hxg6 19. Bc4 Qc8 20. Qd3 Nd7 21. Qg3 Nc5
22. Qxg6 Nd3 23. Nf3 Ne7 24. Qh5 1-0

[Event "17. European Women's Championship 2016"]
[Site "Mamaia ROU"]
[Date "2016.05.28"]
[Round "2.31"]
[White "Pavlidou, Ekaterini"]
[Black "Babiy, Olga"]
[Result "1/2-1/2"]
[WhiteElo "2209"]
[BlackElo "2337"]
[PlyCount "89"]
[EventDate "2016.05.27"]
[EventType "swiss"]
[EventRounds "11"]
[EventCountry "ROU"]
[Source "lmi"]
[SourceDate "2016.05.26"]

1. c4 c5 2. Nc3 b6 3. Nf3 Bb7 4. g3 e6 5. Bg2 Nf6 6. O-O Be7 7. Re1 d6 8. e4 a6
9. d4 cxd4 10. Nxd4 Qc7 11. Be3 Nbd7 12. f4 Rc8 13. Rc1 h5 14. h3 h4 15. g4 Nc5
16. Qc2 g6 17. Rcd1 Ncd7 18. Qf2 e5 19. Nde2 Nc5 20. Bxc5 Qxc5 21. Qxc5 Rxc5
22. b3 b5 23. cxb5 axb5 24. g5 Nh5 25. b4 Rc4 26. Nxb5 Rxb4 27. Nxd6+ Bxd6 28.
Rxd6 exf4 29. Nc3 O-O 30. Red1 Ng3 31. Nd5 Bxd5 32. exd5 Rb2 33. Rf6 Rd8 34. d6
Nf5 35. Bd5 Rxd6 36. Bxf7+ Kg7 37. Rdxd6 Nxd6 38. Bxg6 Nc4 39. Bd3 Ne5 40. Be4
Rxa2 41. Rxf4 Ra4 42. Kf1 Ng6 43. Rg4 Ne5 44. Rxh4 Ng6 45. Rg4 1/2-1/2

[Event "17. European Women's Championship 2016"]
[Site "Mamaia ROU"]
[Date "2016.05.28"]
[Round "2.32"]
[White "Brunello, Marina"]
[Black "Gitu, Paula-Alexandra"]
[Result "1-0"]
[WhiteElo "2336"]
[BlackElo "1949"]
[PlyCount "60"]
[EventDate "2016.05.27"]
[EventType "swiss"]
[EventRounds "11"]
[EventCountry "ROU"]
[Source "lmi"]
[SourceDate "2016.05.26"]

1. e4 d5 2. exd5 Qxd5 3. Nc3 Qd6 4. d4 Nf6 5. Bd3 g6 6. Nge2 Bg7 7. Bf4 Qd8 8.
Qd2 c6 9. Bh6 O-O 10. h4 Bxh6 11. Qxh6 Ng4 12. Qd2 Kg7 13. f3 Nf6 14. h5 Rh8
15. hxg6 hxg6 16. O-O-O Qg8 17. Nf4 e6 18. Ne4 Nbd7 19. Ng5 Nf8 20. g4 Nd5 21.
Nh5+ gxh5 22. gxh5 Kf6 23. Rdg1 Ke7 24. Nh3 Ng6 25. hxg6 f5 26. Qg5+ Kd6 27. g7
Rh7 28. Nf2 Ne7 29. Rxh7 Qxh7 30. g8=Q Kd5 1-0

[Event "17. European Women's Championship 2016"]
[Site "Mamaia ROU"]
[Date "2016.05.28"]
[Round "2.33"]
[White "Hoolt, Sarah"]
[Black "Motycakova, Monika"]
[Result "1-0"]
[WhiteElo "2312"]
[BlackElo "2170"]
[PlyCount "59"]
[EventDate "2016.05.27"]
[EventType "swiss"]
[EventRounds "11"]
[EventCountry "ROU"]
[Source "lmi"]
[SourceDate "2016.05.26"]

1. e4 e5 2. Nf3 Nc6 3. d3 Nf6 4. Nbd2 d5 5. Be2 Be7 6. O-O O-O 7. c3 h6 8. Qc2
Be6 9. Rd1 Nh7 10. d4 exd4 11. Nxd4 Nxd4 12. cxd4 dxe4 13. Nxe4 Nf6 14. Nc5 Bd5
15. Be3 Bd6 16. Rac1 Qe7 17. Re1 c6 18. Bf1 Ng4 19. Bf4 Qf6 20. Bxd6 Qxd6 21.
g3 Qf6 22. h3 Qf3 23. Ne4 Nxf2 24. Bg2 Qxg2+ 25. Kxg2 Bxe4+ 26. Rxe4 Nxe4 27.
Qxe4 Rfe8 28. Qd3 Rad8 29. Rc2 Re6 30. Re2 1-0

[Event "17. European Women's Championship 2016"]
[Site "Mamaia ROU"]
[Date "2016.05.28"]
[Round "2.34"]
[White "Javakhishvili, Lela"]
[Black "Abdulla, Khayala"]
[Result "1-0"]
[WhiteElo "2493"]
[BlackElo "2209"]
[PlyCount "105"]
[EventDate "2016.05.27"]
[EventType "swiss"]
[EventRounds "11"]
[EventCountry "ROU"]
[Source "lmi"]
[SourceDate "2016.05.26"]

1. d4 Nf6 2. c4 e6 3. g3 d5 4. Nf3 dxc4 5. Bg2 a6 6. a4 c5 7. O-O Nc6 8. Na3
cxd4 9. Nxc4 Bc5 10. Qb3 O-O 11. Rd1 Re8 12. Bf4 Nd5 13. Bg5 f6 14. Bd2 Rb8 15.
Rac1 Qe7 16. Na5 Ba7 17. Qc4 Nxa5 18. Bxa5 b5 19. Qa2 d3 20. e4 Bxf2+ 21. Kxf2
Qa7+ 22. Ke1 Qe3+ 23. Kf1 Qxe4 24. Kg1 Bb7 25. Re1 Qg4 26. Bd2 Nb6 27. Rf1 Nc4
28. b3 Nxd2 29. Qxd2 e5 30. axb5 e4 31. Nh4 Qd7 32. Nf5 Qxb5 33. Qe3 Qd7 34.
Rc4 Bd5 35. Rd4 Qe6 36. b4 g6 37. Nh6+ Kg7 38. Ng4 Qxg4 39. Rxd5 Qe6 40. Rd4 f5
41. g4 Kh8 42. gxf5 gxf5 43. Bh3 Rb5 44. Kh1 a5 45. bxa5 Rxa5 46. Rg1 Qe5 47.
Rd7 Ra2 48. Bg2 Ra1 49. Bf1 Qf6 50. Rf7 f4 51. Rxh7+ Kxh7 52. Qh3+ Qh6 53. Qd7+
1-0

[Event "17. European Women's Championship 2016"]
[Site "Mamaia ROU"]
[Date "2016.05.28"]
[Round "2.35"]
[White "Isgandarova, Khayala"]
[Black "Bodnaruk, Anastasia"]
[Result "0-1"]
[WhiteElo "2193"]
[BlackElo "2475"]
[PlyCount "80"]
[EventDate "2016.05.27"]
[EventType "swiss"]
[EventRounds "11"]
[EventCountry "ROU"]
[Source "lmi"]
[SourceDate "2016.05.26"]

1. e4 c5 2. Nf3 d6 3. d4 cxd4 4. Nxd4 Nf6 5. Nc3 a6 6. Bc4 e6 7. Bb3 Be7 8. O-O
b5 9. Qf3 Qc7 10. Qg3 Nc6 11. Nxc6 Qxc6 12. a3 Bb7 13. Re1 O-O 14. Bh6 Ne8 15.
Rad1 Qc5 16. Be3 Qh5 17. Bd4 Rc8 18. f3 g6 19. Qf2 Nf6 20. Ne2 Qh6 21. Bc3 Nd7
22. Qd4 e5 23. Qf2 Nc5 24. Bd5 Bxd5 25. Rxd5 f5 26. exf5 gxf5 27. Rdd1 f4 28.
b3 Rf7 29. Ba1 Rcf8 30. Nc3 Bh4 31. Qd2 Bxe1 32. Rxe1 Qg6 33. b4 Nb7 34. Ne4
Rg7 35. Qd5+ Kh8 36. Re2 Rfg8 37. Qc6 Qe6 38. Qxa6 Qh3 39. Ng3 Qh4 40. Nf1 Qe1
0-1

[Event "17. European Women's Championship 2016"]
[Site "Mamaia ROU"]
[Date "2016.05.28"]
[Round "2.36"]
[White "Szczepkowska-Horowska, Karina"]
[Black "Zherebtsova, Alexandra"]
[Result "1-0"]
[WhiteElo "2411"]
[BlackElo "2200"]
[PlyCount "61"]
[EventDate "2016.05.27"]
[EventType "swiss"]
[EventRounds "11"]
[EventCountry "ROU"]
[Source "lmi"]
[SourceDate "2016.05.26"]

1. d4 Nf6 2. c4 e5 3. dxe5 Ng4 4. Bf4 g5 5. Bg3 Bg7 6. Nf3 Nc6 7. Nc3 Ngxe5 8.
Nxe5 Nxe5 9. e3 d6 10. h4 g4 11. h5 Be6 12. Nd5 O-O 13. h6 Bh8 14. Bh4 f6 15.
Be2 Qd7 16. e4 Rae8 17. Ne3 c6 18. Qc2 b5 19. cxb5 cxb5 20. Rd1 Rc8 21. Qd2
Bxa2 22. Bg3 Nc4 23. Bxg4 Qf7 24. Qe2 Nxe3 25. Qxe3 Rc6 26. O-O d5 27. exd5
Bxd5 28. Rxd5 Qxd5 29. Rd1 Qc4 30. Bf3 Rc5 31. b3 1-0

[Event "17. European Women's Championship 2016"]
[Site "Mamaia ROU"]
[Date "2016.05.28"]
[Round "2.37"]
[White "Peptan, Corina-Isabela"]
[Black "Khalafova, Narmin"]
[Result "1/2-1/2"]
[WhiteElo "2402"]
[BlackElo "2193"]
[PlyCount "110"]
[EventDate "2016.05.27"]
[EventType "swiss"]
[EventRounds "11"]
[EventCountry "ROU"]
[Source "lmi"]
[SourceDate "2016.05.26"]

1. c4 g6 2. Nc3 Bg7 3. d4 Nf6 4. Nf3 O-O 5. g3 d6 6. Bg2 Nbd7 7. O-O e5 8. dxe5
dxe5 9. h3 c6 10. Be3 Qe7 11. Qb3 Re8 12. Rfd1 Nc5 13. Qa3 Bf8 14. Nd2 h5 15.
Nb3 Nxb3 16. Qxe7 Bxe7 17. axb3 Bf5 18. Rd2 a6 19. Rad1 Rad8 20. Rxd8 Rxd8 21.
Rxd8+ Bxd8 22. b4 Be6 23. b5 Bxc4 24. bxc6 bxc6 25. Bxc6 Ba5 26. Kf1 Bxc3 27.
bxc3 Nd5 28. Bd2 e4 29. Ke1 Kg7 30. Bc1 Kf6 31. Kd2 Ke6 32. Ba3 Bb3 33. Bb4 Bc4
34. h4 Bb3 35. Be8 Nc7 36. Bc6 Nd5 37. e3 Nf6 38. Bb7 Bc4 39. Ba5 Kd7 40. Ke1
Nd5 41. Kd1 f5 42. Kd2 Nf6 43. Bb6 Ng4 44. f3 exf3 45. Bxf3 Nf6 46. Bd4 Ne4+
47. Bxe4 fxe4 48. Kc1 Kc6 49. Kb2 Kb5 50. Bf6 a5 51. Bd8 a4 52. Bg5 Bb3 53. Bf4
Kc4 54. Bg5 Kd3 55. Bf4 Kc4 1/2-1/2

[Event "17. European Women's Championship 2016"]
[Site "Mamaia ROU"]
[Date "2016.05.28"]
[Round "2.38"]
[White "Petrenko, Svetlana"]
[Black "Lomineishvili, Maia"]
[Result "0-1"]
[WhiteElo "2182"]
[BlackElo "2367"]
[PlyCount "108"]
[EventDate "2016.05.27"]
[EventType "swiss"]
[EventRounds "11"]
[EventCountry "ROU"]
[Source "lmi"]
[SourceDate "2016.05.26"]

1. Nf3 Nf6 2. g3 c5 3. c4 Nc6 4. Bg2 e5 5. d3 d5 6. cxd5 Nxd5 7. Nc3 Nc7 8. Bg5
f6 9. Be3 Be6 10. O-O Qd7 11. Rc1 Be7 12. Nd2 O-O 13. Nde4 b6 14. f4 exf4 15.
gxf4 Nd5 16. Bd2 Nxc3 17. bxc3 c4 18. d4 Bd5 19. f5 Ba3 20. Rb1 Rae8 21. Ng3
Bxg2 22. Kxg2 Bd6 23. Qa4 Bxg3 24. Qxc4+ Qf7 25. Qxf7+ Kxf7 26. hxg3 Rxe2+ 27.
Rf2 Rxf2+ 28. Kxf2 Ne7 29. g4 Rc8 30. Rh1 Nd5 31. Rh3 b5 32. a3 h6 33. Rd3 Ke7
34. Rg3 Kd6 35. Ke2 Re8+ 36. Kd3 Nb6 37. Rg1 Kd5 38. Rb1 a6 39. Rg1 Nc4 40. Bc1
Re4 41. Rg2 Re1 42. Kc2 a5 43. Rf2 a4 44. Rg2 Na5 45. Bd2 Re7 46. Kd3 Nc4 47.
Bc1 Re1 48. Kc2 Ke4 49. Rf2 Rg1 50. Re2+ Kd5 51. g5 hxg5 52. Re7 g4 53. Rxg7 g3
54. Bf4 g2 0-1

[Event "17. European Women's Championship 2016"]
[Site "Mamaia ROU"]
[Date "2016.05.28"]
[Round "2.39"]
[White "Salimova, Nurgyul"]
[Black "Kazimova, Narmin"]
[Result "1/2-1/2"]
[WhiteElo "2160"]
[BlackElo "2364"]
[PlyCount "79"]
[EventDate "2016.05.27"]
[EventType "swiss"]
[EventRounds "11"]
[EventCountry "ROU"]
[Source "lmi"]
[SourceDate "2016.05.26"]

1. d4 Nf6 2. c4 e6 3. Nf3 b6 4. g3 Ba6 5. Qa4 c5 6. Bg2 Bb7 7. dxc5 bxc5 8. O-O
Be7 9. Nc3 O-O 10. Rd1 d6 11. Bf4 Qb6 12. Qb5 Nbd7 13. Rac1 Rfd8 14. Qxb6 Nxb6
15. Nb5 Ne8 16. Nd2 Bxg2 17. Kxg2 a6 18. Na3 Bf6 19. Rc2 Na4 20. b3 Nc3 21. Re1
d5 22. cxd5 exd5 23. Ndb1 Nxb1 24. Nxb1 Be7 25. Be3 d4 26. Bc1 Nc7 27. Ba3 Ne6
28. Nd2 a5 29. Rc4 f5 30. Ra4 Ra6 31. Nc4 Rda8 32. Ne5 Bd6 33. Nd3 Rf8 34. Rc1
Rc8 35. Rac4 Rac6 36. Ra4 Ra8 37. Rac4 Rac8 38. Ra4 Ra6 39. Rac4 Rac6 40. Ra4
1/2-1/2

[Event "17. European Women's Championship 2016"]
[Site "Mamaia ROU"]
[Date "2016.05.28"]
[Round "2.40"]
[White "Sviridova, Vlada"]
[Black "Galojan, Lilit"]
[Result "1/2-1/2"]
[WhiteElo "2137"]
[BlackElo "2296"]
[PlyCount "46"]
[EventDate "2016.05.27"]
[EventType "swiss"]
[EventRounds "11"]
[EventCountry "ROU"]
[Source "lmi"]
[SourceDate "2016.05.26"]

1. e4 e5 2. Nf3 Nc6 3. d4 exd4 4. Nxd4 Bc5 5. Nb3 Bb6 6. Nc3 Qf6 7. Qe2 Nge7 8.
Be3 O-O 9. O-O-O d6 10. f3 Be6 11. h4 Bxe3+ 12. Qxe3 Rfe8 13. Bb5 a6 14. Bxc6
bxc6 15. h5 Bxb3 16. axb3 a5 17. g4 Qe6 18. h6 g6 19. Qd4 f6 20. g5 Rf8 21. f4
c5 22. Qd2 fxg5 23. fxg5 Qe5 1/2-1/2

[Event "17. European Women's Championship 2016"]
[Site "Mamaia ROU"]
[Date "2016.05.28"]
[Round "2.41"]
[White "Osmanodja, Filiz"]
[Black "Ionescu, Irina"]
[Result "0-1"]
[WhiteElo "2296"]
[BlackElo "2181"]
[PlyCount "50"]
[EventDate "2016.05.27"]
[EventType "swiss"]
[EventRounds "11"]
[EventCountry "ROU"]
[Source "lmi"]
[SourceDate "2016.05.26"]

1. e4 d6 2. d4 Nf6 3. Nc3 g6 4. Bg5 Bg7 5. Qd2 c6 6. f4 Qa5 7. Nf3 O-O 8. Bd3
Re8 9. O-O Bg4 10. f5 Nbd7 11. Nh4 c5 12. h3 Bh5 13. Kh1 cxd4 14. Nb5 Qb6 15.
a4 Nc5 16. Qe1 a6 17. a5 Nxd3 18. axb6 Nxe1 19. Nc7 Nxc2 20. Rac1 Be2 21. Rf2
d3 22. Rxc2 Nxe4 23. Rfxe2 dxe2 24. Nf3 Nxg5 25. Rxe2 Nxf3 0-1

[Event "17. European Women's Championship 2016"]
[Site "Mamaia ROU"]
[Date "2016.05.28"]
[Round "2.42"]
[White "Jap Tjoen San, Linda"]
[Black "Belenkaya, Dina"]
[Result "1/2-1/2"]
[WhiteElo "2116"]
[BlackElo "2289"]
[PlyCount "84"]
[EventDate "2016.05.27"]
[EventType "swiss"]
[EventRounds "11"]
[EventCountry "ROU"]
[Source "lmi"]
[SourceDate "2016.05.26"]

1. e4 c6 2. d4 d5 3. Nc3 dxe4 4. Nxe4 Bf5 5. Ng3 Bg6 6. Nh3 e6 7. c3 Bd6 8. Nf4
Qc7 9. Qf3 Nf6 10. h4 Nbd7 11. Bc4 O-O-O 12. Nxg6 hxg6 13. Bg5 e5 14. O-O-O
exd4 15. cxd4 Nb6 16. Bb3 Rhe8 17. Kb1 Rd7 18. Bxf6 gxf6 19. Ne4 Rde7 20. Nxf6
Rd8 21. g3 Nd7 22. Ne4 Rde8 23. Ng5 f6 24. Nf7 Bb4 25. h5 gxh5 26. Rxh5 Qb6 27.
Rh8 Rxh8 28. Nxh8 Qb5 29. Ng6 Re1 30. Nf4 Rxd1+ 31. Qxd1 Bd6 32. Qd3 Qxd3+ 33.
Nxd3 c5 34. dxc5 Nxc5 35. Nxc5 Bxc5 36. f3 Kd7 37. Kc2 Kd6 38. Kd3 Bf2 39. g4
Ke5 40. Bc4 a5 41. b3 b6 42. Bb5 Bc5 1/2-1/2

[Event "17. European Women's Championship 2016"]
[Site "Mamaia ROU"]
[Date "2016.05.28"]
[Round "2.43"]
[White "Cosman, Andreea-Marioara"]
[Black "Sedina, Elena"]
[Result "1/2-1/2"]
[WhiteElo "2101"]
[BlackElo "2287"]
[PlyCount "133"]
[EventDate "2016.05.27"]
[EventType "swiss"]
[EventRounds "11"]
[EventCountry "ROU"]
[Source "lmi"]
[SourceDate "2016.05.26"]

1. d4 d5 2. c4 c6 3. Nc3 Nf6 4. Nf3 dxc4 5. a4 Bf5 6. Ne5 Nbd7 7. Nxc4 Nb6 8.
Ne3 Be6 9. a5 Nc4 10. Nxc4 Bxc4 11. Ra4 Ba6 12. g3 e6 13. Bg2 Be7 14. O-O O-O
15. Qc2 Nd5 16. Rd1 b6 17. axb6 Qxb6 18. e4 Nb4 19. Qb3 c5 20. Be3 c4 21. Qa3
Qb7 22. e5 Nd5 23. Qa2 Bb5 24. Nxb5 Qxb5 25. Ra5 Qc6 26. Rxa7 Rxa7 27. Qxa7 Re8
28. Ra1 h6 29. h4 Qb5 30. Qa4 Qxa4 31. Rxa4 Nxe3 32. fxe3 Rb8 33. Rxc4 g5 34.
Rc7 Bd8 35. Rb7 Rxb7 36. Bxb7 gxh4 37. gxh4 Bxh4 38. Bf3 f6 39. exf6 Bxf6 40.
b4 Kf7 41. Kf2 e5 42. dxe5 Bh4+ 43. Ke2 Ke6 44. Kd3 Kxe5 45. Kc4 Bf2 46. e4 Kd6
47. Kb5 Be1 48. Ka4 Bf2 49. Ka5 Be1 50. Kb5 Bd2 51. Kc4 Be1 52. Be2 Bf2 53. Kd3
Be1 54. b5 Bf2 55. Bf1 Ke5 56. Ke2 Bb6 57. Kf3 Bd8 58. Bd3 h5 59. Bf1 Bc7 60.
Bh3 Kd4 61. Bd7 Ke5 62. Bf5 Kf6 63. Kg2 Kg5 64. Kh3 Bd8 65. Bh7 Kf4 66. Bg6 Kg5
67. Bf5 1/2-1/2